000
00293pam a2200121 a 4500
020
_a
81-87495-12-X
_c
041
_h
082
_a
658
_b
AIMA
100
_a
,
245
_a
PEOPLE MANAGEMENT
_h
Textual Documents
260
_a
NEW DELHI
_b
AMEXCEL PUBLISHERS PRIVATE LIMITED
_c
1999
930
_a
10592
999
_c
130037
_d
130037